Derecho /

Guardado en:
Autor Principal: Angrisani, Roberto
Otros Autores: Galíndez, Roberto, Trotta, María C.
Formato: Libro
Publicado: Buenos Aires : Ayl, 2005
Materias:
Etiquetas: Agregar Etiqueta
Sin Etiquetas, Sea el primero en etiquetar este registro!
LEADER 01097nam a22002535a 4500
001 CEM.cems012844
005 20140424113910.0
008 130507s2005##################000#0#####d
003 CEMS
020 |a 9879142624 
082 0 4 |a 340 
100 1 |a Angrisani, Roberto 
245 1 0 |a Derecho /  |c Roberto Angrisani, Roberto Galíndez y María C. Trotta 
260 |a Buenos Aires :  |b  Ayl,  |c 2005 
300 |a 231 p. 
505 0 |a El derecho: introducción, derecho natural y derecho positivo, fuentes del derecho, la codificación -- Las personas: concepto, atributos de las personas, derechos reales, personas de existencia ideal -- Derecho de familia -- Hechos y actos jurídicos -- Obligaciones -- Contratos -- Derecho comercial -- Sociedades -- Derecho del trabajo y de la seguridad social -- Derecho penal y procesal -- Derecho del medio ambiente. 
653 |a Derecho 
653 |a Personas 
653 |a Obligaciones 
653 |a Contratos 
653 |a Sociedades 
700 1 |a Galíndez, Roberto 
700 1 |a Trotta, María C. 
859 |a CEMS  |b BIB. CEMS - 11 de abril  |h 340  |i An48  |p 25100.08  |t Ej.1